দেশবিভাগ : ফিরে দেখা / (Record no. 10968)
[ view plain ]
| 000 -LEADER | |
|---|---|
| fixed length control field | 00783nam a2200229 a 4500 |
| 001 - CONTROL NUMBER | |
| JCCL Control Number | 10968 |
| 003 - CONTROL NUMBER IDENTIFIER | |
| JCCL marc code | BD-JhCC |
| 005 - DATE AND TIME OF LATEST TRANSACTION | |
| control field | 20190708131002.0 |
| 008 - FIXED-LENGTH DATA ELEMENTS--GENERAL INFORMATION | |
| fixed length control field | 190608s20142015bg |||| |||| 000 0 ben d |
| 020 ## - INTERNATIONAL STANDARD BOOK NUMBER | |
| International Standard Book Number | 9789849066279 |
| 035 ## - SYSTEM CONTROL NUMBER | |
| system control number | (BD-JhCC)10968 |
| 040 ## - CATALOGING SOURCE | |
| Original cataloging agency | BD-JhCC |
| Modifying agency | BD-JhCC |
| 041 ## - LANGUAGE CODE | |
| Language code of Book | ben |
| 082 ## - DEWEY DECIMAL CLASSIFICATION NUMBER | |
| Classification number | 954.92 |
| Author mark and Year | ROF 2015 |
| 100 ## - MAIN ENTRY--PERSONAL NAME | |
| Personal name | রফিক, আহমদ |
| 245 ## - TITLE STATEMENT | |
| Title | দেশবিভাগ : ফিরে দেখা / |
| Statement of responsibility, etc | আহমদ রফিক, |
| 260 ## - PUBLICATION, DISTRIBUTION, ETC. (IMPRINT) | |
| Place of publication, distribution, etc | ঢাকা : |
| Name of publisher, distributor, etc | অনিন্দ্য প্রকাশ, |
| Date of publication, distribution, etc | ২০১৫ |
| 300 ## - PHYSICAL DESCRIPTION | |
| Pagination | ৪৮৩ পৃ. : |
| Dimensions | ২০ সেমি. |
| 504 ## - BIBLIOGRAPHY, ETC. NOTE | |
| Bibliography, etc | নিঘন্ট ও গ্রন্থপঞ্জি অর্ন্তভূক্ত |
| 650 ## - SUBJECT ADDED ENTRY--TOPICAL TERM | |
| Geographic subdivision | Bangladesh |
| Topical term or geographic name as entry element | History |
| 942 ## - ADDED ENTRY ELEMENTS (KOHA) | |
| Source of classification or shelving scheme | Dewey Decimal Classification |
| Koha item type | Books |
| Source of classification or shelving scheme | Damaged status | Not for loan | Home library | Current library | Shelving location | Date of accession | Cost, normal purchase price | Total Checkouts | Full call number | Barcode | Date last seen | Copy number | Koha item type | Method of acquisition | Currency |
|---|---|---|---|---|---|---|---|---|---|---|---|---|---|---|---|
| Dewey Decimal Classification | JCC Rouf Library | JCC Rouf Library | General Stacks | 06/08/2019 | 750.00 | 954.92 ROF 2015 | 15153 | 07/08/2019 | C-1 | Books | |||||
| Dewey Decimal Classification | JCC Rouf Library | JCC Rouf Library | General Stacks | 750.00 | 954.92 ROF 2015 | 19314 | 05/19/2024 | C-2 | Books | Purchase | BDT |